[Event "Mumbai Aurionpro U14 op"]
[Site "Mumbai"]
[Date "2025.06.20"]
[Round "5"]
[White "Vidit, Sethi"]
[Black "Sravyasree, Bheemarasetty"]
[Result "0-1"]
[WhiteElo "1895"]
[BlackElo "1747"]
[PlyCount "114"]
[EventDate "2025.06.16"]
[EventType "swiss"]
[EventRounds "9"]
[EventCountry "IND"]
[SourceTitle "CB26_2025"]
[SourceDate "2025.06.25"]
[SourceVersion "1"]
[SourceVersionDate "2025.06.25"]
[SourceQuality "1"]

1. d4 d5 2. c4 e6 3. g3 Nf6 4. Bg2 Be7 5. Nf3 0-0 6. 0-0 c6 7. Nc3 Nbd7 8. Qd3 b6 9. e4 dxe4 10. Nxe4 Bb7 11. Bf4 Nc5 12. Nxc5 Bxc5 13. Rad1 Bd6 14. Ne5 Rc8 15. Rfe1 Qe7 16. Bg5 Qd8 17. Qd2 Be7 18. a3 Nd7 19. Bxe7 Qxe7 20. Nxd7 Qxd7 21. c5 Rfd8 22. Qe2 b5 23. Be4 a5 24. Bc2 Ra8 25. Qe4 g6 26. Qf3 Qc7 27. h4 h5 28. Qf6 Rd5 29. Be4 Rd7 30. Rd3 Qd8 31. Qf3 Qc7 32. Qe3 Kg7 33. Red1 Ba6 34. R3d2 Rad8 35. Bf3 b4 36. a4 Bc4 37. Qg5 Bb3 38. Re1 Bxa4 39. Qe3 e5 40. d5 cxd5 41. Qxe5+ Qxe5 42. Rxe5 Bc6 43. g4 hxg4 44. Bxg4 Rc7 45. Bf3 Kf6 46. Re1 d4 47. Bg4 d3 48. Rc1 Rd4 49. f3 Bb5 50. b3 a4 51. bxa4 Bxa4 52. Kf2 Bc2 53. Rdxc2 dxc2 54. Rxc2 b3 55. Rb2 Rd3 56. Ke2 Rc3 57. Kd2 R7xc5 0-1

[Event "IND-chT (Women) 22nd"]
[Site "Ahmedabad"]
[Date "2025.03.09"]
[Round "5.2"]
[White "Sravyasree, Bheemarasetty"]
[Black "Hanya, Shah"]
[Result "1-0"]
[WhiteElo "1828"]
[BlackElo "1773"]
[PlyCount "91"]
[EventDate "2025.03.05"]
[EventType "team-swiss"]
[EventRounds "7"]
[EventCountry "IND"]
[SourceTitle "CB12_2025"]
[SourceDate "2025.03.19"]
[SourceVersion "1"]
[SourceVersionDate "2025.03.19"]
[SourceQuality "1"]
[WhiteTeam "Andhra Pradesh (W) II"]
[BlackTeam "Gujarat (W)"]
[WhiteTeamCountry "IND"]
[BlackTeamCountry "IND"]

1. Nf3 Nf6 2. g3 d5 3. Bg2 c6 4. 0-0 Bg4 5. d3 e6 6. Nbd2 Nbd7 7. h3 Bh5 8. Qe1 Bxf3 9. Bxf3 Bc5 10. e4 dxe4 11. dxe4 e5 12. Qe2 0-0 13. Bg2 Re8 14. Kh1 Nf8 15. c3 Ng6 16. b4 Bb6 17. Nc4 Bc7 18. Bb2 Qe7 19. a4 Rad8 20. Ne3 a5 21. b5 Nd7 22. Ba3 Qe6 23. Rfb1 Nf6 24. Nc4 cxb5 25. Rxb5 b6 26. Rab1 Rb8 27. Ne3 Red8 28. c4 Rd4 29. Nd5 Nxd5 30. exd5 Qf5 31. c5 Rxa4 32. cxb6 Bd8 33. Bc5 Rb4 34. R5xb4 axb4 35. Rxb4 Qd7 36. d6 Nf8 37. b7 Ne6 38. Qb5 Nxc5 39. Qxc5 h6 40. Qc6 Qe6 41. Ra4 Bf6 42. Ra8 Qe8 43. Qxe8+ Rxe8 44. Rxe8+ Kh7 45. b8Q g6 46. d7 1-0

[Event "IND-ch U17 Girls 34th"]
[Site "Chandigarh"]
[Date "2024.07.22"]
[Round "10"]
[White "Sravyasree, Bheemarasetty"]
[Black "Kale, Shruti"]
[Result "1-0"]
[WhiteElo "1773"]
[BlackElo "1805"]
[PlyCount "83"]
[EventDate "2024.07.15"]
[EventType "swiss"]
[EventRounds "11"]
[EventCountry "IND"]
[SourceTitle "CBM 221 Extra"]
[Source "ChessBase"]
[SourceDate "2024.09.30"]
[SourceVersion "1"]
[SourceVersionDate "2024.09.30"]
[SourceQuality "1"]

1. e4 c6 2. d4 d5 3. Nc3 dxe4 4. Nxe4 Bf5 5. Ng3 Bg6 6. h4 h6 7. Nf3 Nd7 8. h5 Bh7 9. Bd3 Bxd3 10. Qxd3 Ngf6 11. Bd2 e6 12. 0-0-0 Be7 13. Ne4 Nxe4 14. Qxe4 Nf6 15. Qd3 Qd5 16. Kb1 Qe4 17. Qb3 0-0 18. Rde1 Qd5 19. Qd3 Ng4 20. Qe2 c5 21. Ne5 Nf6 22. dxc5 Qxc5 23. Rh3 Rac8 24. c3 Bd6 25. f4 Rfd8 26. Bc1 b5 27. Be3 Qd5 28. Bd4 b4 29. Rg3 bxc3 30. Bxc3 Ne8 31. Rd1 Qb7 32. Re1 Bxe5 33. Qxe5 f6 34. Qxe6+ Qf7 35. Qf5 Nd6 36. Qxf6 Qxf6 37. Bxf6 Nf5 38. Rg4 Rd2 39. Bc3 Rf2 40. Rg6 Rxf4 41. g4 Rc7 42. gxf5 1-0

[Event "IND-ch U17 Girls 34th"]
[Site "Chandigarh"]
[Date "2024.07.19"]
[Round "7"]
[White "Sravyasree, Bheemarasetty"]
[Black "Anupam, M Sreekumar"]
[Result "1/2-1/2"]
[WhiteElo "1773"]
[BlackElo "1934"]
[PlyCount "150"]
[EventDate "2024.07.15"]
[EventType "swiss"]
[EventRounds "11"]
[EventCountry "IND"]
[SourceTitle "CBM 221 Extra"]
[Source "ChessBase"]
[SourceDate "2024.09.30"]
[SourceVersion "1"]
[SourceVersionDate "2024.09.30"]
[SourceQuality "1"]

1. e4 c5 2. c3 d5 3. exd5 Qxd5 4. d4 Nf6 5. Nf3 e6 6. Be2 cxd4 7. cxd4 Nc6 8. 0-0 Be7 9. Nc3 Qd6 10. Be3 0-0 11. Rc1 b6 12. Qa4 Bb7 13. Ba6 Bxa6 14. Qxa6 Nb4 15. Qe2 a6 16. Ne5 b5 17. Rfd1 Nbd5 18. h3 Rac8 19. g4 Nxc3 20. bxc3 Nd5 21. Rd3 f6 22. Nf3 Nb6 23. Re1 Rc6 24. Nd2 Qd5 25. Nb3 Nc4 26. Nc5 Re8 27. Nb3 a5 28. f4 a4 29. Nd2 Nb2 30. c4 Nxc4 31. Nxc4 Rxc4 32. Bf2 Bb4 33. Red1 Rec8 34. a3 Ba5 35. Qf3 Rc3 36. Rxc3 Rxc3 37. Qxd5 exd5 38. Be1 Kf7 39. Bxc3 Bxc3 40. Kf2 Bb2 41. Rb1 Bxd4+ 42. Ke2 Bc5 43. Rxb5 Bxa3 44. Ra5 Bb2 45. Rxa4 f5 46. Kd3 Bc1 47. Ra7+ Kg6 48. Ra6+ Kf7 49. gxf5 Bxf4 50. Kd4 Bg3 51. Kxd5 Bf2 52. Ra2 Bg3 53. Ra6 Bf2 54. Ke5 Bg3+ 55. Ke4 Ke7 56. f6+ gxf6 57. Kf5 Kf7 58. Ra7+ Kg8 59. Kxf6 Bh4+ 60. Kf5 Bf2 61. Rb7 Bg3 62. Kg4 Be5 63. h4 Bd4 64. Kf5 Be3 65. h5 h6 66. Kg6 Kf8 67. Rb8+ Ke7 68. Kg7 Bg5 69. Rb5 Bd2 70. Re5+ Kd6 71. Re8 Bg5 72. Kf7 Kd7 73. Rg8 Bf4 74. Rg4 Be3 75. Kg6 Kd6 1/2-1/2

[Event "Pune op U1800 11th"]
[Site "Pune"]
[Date "2024.05.25"]
[Round "5"]
[White "Jayanth, Suravarapu"]
[Black "Sravyasree, Bheemarasetty"]
[Result "0-1"]
[WhiteElo "1676"]
[BlackElo "1722"]
[PlyCount "96"]
[EventDate "2024.05.24"]
[EventType "swiss"]
[EventRounds "9"]
[EventCountry "IND"]
[SourceTitle "CBM 220 Extra"]
[Source "ChessBase"]
[SourceDate "2024.07.31"]
[SourceVersion "1"]
[SourceVersionDate "2024.07.31"]
[SourceQuality "1"]

1. Nf3 Nf6 2. c4 g6 3. Nc3 Bg7 4. d4 d6 5. g3 0-0 6. Bg2 Nbd7 7. 0-0 c5 8. b3 a6 9. Bb2 Rb8 10. a4 Ne8 11. dxc5 Nxc5 12. b4 Ne6 13. Qb3 N8c7 14. Rfd1 a5 15. bxa5 Nc5 16. Qa3 Ra8 17. a6 Rxa6 18. Qb4 N7e6 19. a5 b6 20. axb6 Rxb6 21. Nb5 Bd7 22. Bxg7 Nxg7 23. Nfd4 e5 24. Nc2 Bxb5 25. cxb5 Nge6 26. Na3 Qb8 27. Rab1 Nc7 28. Bc6 N7e6 29. Nc4 Nd4 30. Nxb6 Qxb6 31. Bf3 Nce6 32. Qc3 e4 33. Bg4 h5 34. e3 Nxb5 35. Qb4 hxg4 36. Qxb5 Qd8 37. Qd5 Ng5 38. Rb5 Nh3+ 39. Kf1 Qf6 40. f4 exf3 41. Rd4 f2 42. Qe4 Rc8 43. Rb1 d5 44. Qxg4 Qa6+ 45. Kg2 f1Q+ 46. Rxf1 Rc2+ 47. Kxh3 Qxf1+ 48. Kh4 Rxh2+ 0-1

[Event "Pune op U1800 11th"]
[Site "Pune"]
[Date "2024.05.25"]
[Round "6"]
[White "Sravyasree, Bheemarasetty"]
[Black "Kadam, Arnav"]
[Result "0-1"]
[WhiteElo "1722"]
[BlackElo "1670"]
[PlyCount "77"]
[EventDate "2024.05.24"]
[EventType "swiss"]
[EventRounds "9"]
[EventCountry "IND"]
[SourceTitle "CBM 220 Extra"]
[Source "ChessBase"]
[SourceDate "2024.07.31"]
[SourceVersion "1"]
[SourceVersionDate "2024.07.31"]
[SourceQuality "1"]

1. e4 c6 2. d4 d5 3. e5 Bf5 4. Nf3 e6 5. Be2 Nd7 6. c3 h6 7. Nbd2 Ne7 8. 0-0 g5 9. Ne1 Qc7 10. b4 Bh7 11. Nb3 Ng6 12. a4 Be7 13. Nd3 0-0 14. f4 f6 15. exf6 Bxf6 16. Bg4 Rae8 17. Nbc5 Nxc5 18. Nxc5 Qc8 19. Re1 Kh8 20. Nxe6 Rg8 21. fxg5 hxg5 22. Rf1 Rxe6 23. Rxf6 Re1+ 24. Qxe1 Qxg4 25. h3 Qh5 26. Rf5 Nh4 27. Qe5+ Rg7 28. Rf8+ Bg8 29. Rf1 Bh7 30. Bd2 Be4 31. Rf8+ Kh7 32. Qb8 Ng6 33. Qe8 Qe2 34. Rf2 Qd3 35. Bxg5 Qg3 36. h4 Qg4 37. Qd8 Nxh4 38. Bxh4 Bxg2 39. Qd6 0-1

[Event "IND-ch Schools"]
[Site "Gyan Bhawan Patna"]
[Date "2024.02.09"]
[Round "8"]
[White "Nivedita, VC."]
[Black "Sravyasree, Bheemarasetty"]
[Result "1/2-1/2"]
[WhiteElo "1609"]
[BlackElo "1485"]
[PlyCount "73"]
[EventDate "2024.02.06"]
[EventType "swiss"]
[EventRounds "9"]
[EventCountry "IND"]
[SourceTitle "EXT 2025"]
[Source "ChessBase"]
[SourceDate "2024.10.14"]
[SourceVersion "1"]
[SourceVersionDate "2024.10.14"]
[SourceQuality "1"]

1. d4 Nf6 2. c4 g6 3. Nc3 Bg7 4. e4 d6 5. h3 0-0 6. Be3 c6 7. Nf3 Nbd7 8. g3 e5 9. Bg2 Qc7 10. 0-0 Ne8 11. g4 exd4 12. Nxd4 Ne5 13. Qe2 Be6 14. Nxe6 fxe6 15. f4 Nd7 16. g5 Bxc3 17. bxc3 Ng7 18. Rad1 Nb6 19. Qd3 Rad8 20. Bd4 e5 21. fxe5 Rxf1+ 22. Qxf1 dxe5 23. Bxe5 Rxd1 24. Bxc7 Rxf1+ 25. Bxf1 Ne6 26. Bd6 Nxg5 27. c5 Nd7 28. Bd3 Kg7 29. Kf2 Kf6 30. h4 Ne6 31. Ke3 Nexc5 32. e5+ Ke6 33. Bc4+ Kf5 34. Bf1 Kg4 35. Bc4 b5 36. Bg8 Kf5 37. Bxh7 1/2-1/2

[Event "IND-ch U11 Girls"]
[Site "Visakhapatnam"]
[Date "2023.10.04"]
[Round "7"]
[White "Sravyasree, Bheemarasetty"]
[Black "Aahna, Gulati"]
[Result "1-0"]
[WhiteElo "1433"]
[BlackElo "1241"]
[PlyCount "123"]
[EventDate "2023.10.01"]
[EventType "swiss"]
[EventRounds "11"]
[EventCountry "IND"]
[SourceTitle "EXT 2025"]
[Source "ChessBase"]
[SourceDate "2024.10.14"]
[SourceVersion "1"]
[SourceVersionDate "2024.10.14"]
[SourceQuality "1"]

1. g4 d5 2. Bg2 Bxg4 3. c4 c6 4. cxd5 cxd5 5. Qb3 Qc7 6. Nc3 Nc6 7. Nxd5 Qc8 8. Qg3 e5 9. Ne3 Bd7 10. Bxc6 Bxc6 11. Qxe5+ Ne7 12. Nc4 Qe6 13. Qxe6 fxe6 14. e4 Ng6 15. d3 Bb4+ 16. Ke2 b5 17. Na3 Bxa3 18. bxa3 e5 19. Be3 Rd8 20. Rc1 Bb7 21. Nf3 Rd7 22. Rc5 Re7 23. Rxb5 a6 24. Rb6 Rc7 25. Re6+ Kd7 26. Rb6 Bc8 27. Kd2 Bb7 28. Ng5 Ke7 29. Rhb1 Bc8 30. Rc1 Rxc1 31. Kxc1 h6 32. Bc5+ Ke8 33. Nf3 Kf7 34. Kd2 Bg4 35. Ke3 Rd8 36. Bd6 Bxf3 37. Kxf3 Rc8 38. Rxa6 Rc2 39. a4 Rxa2 40. a5 Nf4 41. Bxe5 Nxd3 42. Ra7+ Kg8 43. Rxg7+ Kf8 44. Bd4 Nxf2 45. Rg2 Rxa5 46. Rxf2 Ra4 47. Be3 Ke7 48. Bxh6 Ke6 49. Rc2 Ke5 50. Bg7+ Ke6 51. h4 Ra3+ 52. Rc3 Rxc3+ 53. Bxc3 Ke7 54. h5 Kf7 55. e5 Kg7 56. e6+ Kh6 57. e7 Kxh5 58. e8Q+ Kg5 59. Qe5+ Kh6 60. Qg7+ Kh5 61. Bd2 Kh4 62. Qg4# 1-0

[Event "IND-ch U11 Girls"]
[Site "Visakhapatnam"]
[Date "2023.10.03"]
[Round "5"]
[White "Sravyasree, Bheemarasetty"]
[Black "Anshika, Dongre"]
[Result "1/2-1/2"]
[WhiteElo "1433"]
[BlackElo "1144"]
[PlyCount "98"]
[EventDate "2023.10.01"]
[EventType "swiss"]
[EventRounds "11"]
[EventCountry "IND"]
[SourceTitle "EXT 2025"]
[Source "ChessBase"]
[SourceDate "2024.10.14"]
[SourceVersion "1"]
[SourceVersionDate "2024.10.14"]
[SourceQuality "1"]

1. e4 e5 2. Nf3 Nf6 3. Nxe5 d6 4. Nf3 Nxe4 5. d4 d5 6. Bd3 Bf5 7. 0-0 Be7 8. h3 0-0 9. Re1 c6 10. Nbd2 Nd6 11. Bxf5 Nxf5 12. Qe2 Bf6 13. Qd3 Nd6 14. Ne5 Re8 15. f4 Nd7 16. g4 g6 17. Ndf3 Bg7 18. Qa3 Nb5 19. Qd3 f6 20. Nxd7 Rxe1+ 21. Nxe1 Qxd7 22. Nf3 Re8 23. Bd2 Nd6 24. Re1 Rxe1+ 25. Bxe1 Qc7 26. Qe3 Ne4 27. Nd2 Qe7 28. Nxe4 Qxe4 29. Qxe4 dxe4 30. f5 Bh6 31. Kf2 Kf7 32. Ke2 Bf4 33. h4 g5 34. hxg5 fxg5 35. Bd2 Kf6 36. Bxf4 gxf4 37. c4 f3+ 38. Ke3 h6 39. b4 b5 40. cxb5 cxb5 41. Kf2 a6 42. Ke3 Ke7 43. d5 Kd7 44. f6 Kd6 45. a3 Kd7 46. Kf2 Kd6 47. Ke3 Kd7 48. Kf2 Kd6 49. Ke3 Kd7 1/2-1/2